İçeriği atla
VuFind
Dil
English
Deutsch
Español
Français
Italiano
日本語
Nederlands
Português
Português (Brasil)
中文(简体)
中文(繁體)
Türkçe
עברית
Gaeilge
Cymraeg
Ελληνικά
Català
Euskara
Русский
Čeština
Suomi
Svenska
polski
Dansk
slovenščina
اللغة العربية
বাংলা
Galego
Tiếng Việt
Hrvatski
हिंदी
Tüm Alanlar
Materyal Adı
Yazar
Konu
Yer Numarası
ISBN/ISSN
Etiket
Ara
Gelişmiş
Arama
Snowhill 'Sujan'
Alıntıla
E-posta Gönder
Yazdır
Kaydı İhraç Et
İhraç Et RefWorks
İhraç Et EndNoteWeb
İhraç Et EndNote
permanent_link
Yüklüyor......
Snowhill 'Sujan'
Erişim Bilgileri
Diğer Bilgiler
Benzer Materyaller
MARC Görünümü
LEADER
00155 a2200097 4500
020
260
942
|c
BK
|6
_
245
|a
Snowhill 'Sujan'
100
999
|c
66634
|d
66634
Benzer Materyaller
Sujan Bhagath /
Yazar:: Premchand
Baskı/Yayın Bilgisi: (1965)
Sujan charitra /
Yazar:: Sudan
Sujan aur chindan /
Yazar:: Aarasau
Baskı/Yayın Bilgisi: (1997)
Sujan aur sameeeksha sandarbh. /
Yazar:: Sunderlal
Baskı/Yayın Bilgisi: (1994)
Sujan bhagat: aur anya kahaniyam /
Yazar:: Premchand, .
Baskı/Yayın Bilgisi: (1964)
Yüklüyor......